| 000 | 00802cam a2200265 4500 | ||
|---|---|---|---|
| 001 | J93299 | ||
| 008 | 090401t1998 xxu||||| |||| 00| 0 eng d | ||
| 035 | _a(Sirsi) u87866 | ||
| 041 | _aeng | ||
| 050 | _a333.33016 | ||
| 110 |
_aCluttons Daniel Smith _93567 |
||
| 245 | 4 | _aThe London residential investment index. - Summer 1998 | |
| 260 |
_aLondon _bCluttons Daniel Smith _c1998 |
||
| 300 | _a(4)p. ; 30cm. | ||
| 350 | _a0 | ||
| 520 | _aProduced by Cluttons Daniel Smith using IPD data. | ||
| 650 | _aLONDON RESIDENTIAL INVESTMENT INDEX | ||
| 650 | _aPROPERTY INDICES | ||
| 650 | _aPROPERTY INVESTMENT | ||
| 650 |
_aRESIDENTIAL PROPERTY _96266 |
||
| 690 | _aPROPERTY-PROPERTY FINANCE AND INVESTMENT | ||
| 710 |
_aInvestment Property Databank _92288 |
||
| 942 | _n0 | ||
| 948 | _c05/08/1998 | ||
| 999 |
_c97272 _d97272 |
||